000 00421pab a2200145 454500
008 180718b2004 xxu||||| |||| 00| 0 eng d
100 _aShimray, U.A.
245 _aWomen's work in Naga society: household work, workforce participation and division of labour
260 _c2004
300 _ap.1698-1711.
362 _a24 Apr
650 _aWomens employment
773 _aEconomic and Political Weekly
909 _a60951
999 _c60951
_d60951